Meditaciones sobre la república, el poder y la libertad (Registro nro. 5727)

Detalles MARC
000 -LEADER
fixed length control field 01682 a2200217 4500
001 - CONTROL NUMBER
control field 54702
005 - DATE AND TIME OF LATEST TRANSACTION
control field 20260407155821.0
008 - FIXED-LENGTH DATA ELEMENTS--GENERAL INFORMATION
fixed length control field 260407a1984 arg spa d
003 - CONTROL NUMBER IDENTIFIER
control field AR-UNSa-BCEJYS
040 ## - CATALOGING SOURCE
Original cataloging agency AR-UNSa-BCEJYS
Language of cataloging spa
Transcribing agency AR-UNSa-BCEJYS
080 ## - UNIVERSAL DECIMAL CLASSIFICATION NUMBER
Universal Decimal Classification number 342
Common auxiliary subdivision Derecho constitucional (Derecho Público)
020 ## - INTERNATIONAL STANDARD BOOK NUMBER
International Standard Book Number 950-43-0255-8
041 ## - LANGUAGE CODE
Language code of text/sound track or separate title spa
100 1# - MAIN ENTRY--PERSONAL NAME
Personal name Ekmekdjian, Miguel Ángel
245 10 - TITLE STATEMENT
Title Meditaciones sobre la república, el poder y la libertad
264 #1 - PRODUCTION, PUBLICATION, DISTRIBUTION, MANUFACTURE, AND COPYRIGHT NOTICE
Place of production, publication, distribution, manufacture Buenos Aires :
Name of producer, publisher, distributor, manufacturer Ediciones Depalma
Date of production, publication, distribution, manufacture, or copyright notice 1984
300 ## - PHYSICAL DESCRIPTION
Extent 98 p.
Dimensions 20 cm.
505 ## - FORMATTED CONTENTS NOTE
Formatted contents note 1. Es menester consolidar el equilibrio el sistema tripartito de los poderes del Estado – 2. Desajuste entre la Constitución formal y la Constitución material en el ejercicio del Poder de la Policía – 3. Daton o la libertad versus el poder – 4. ¿Argentina forma parte de Occidente? – 5. Cambalache – 6. Triunfo de los valores y principios de la Constitución Nacional – 7. Canibalismo ideológico – 8. ¿Democracia? ¿Qué democracia? – 9. Un nuevo deporte – 10. Breves reflexiones constitucionales sobre temas parlamentarios – 11. El sistema presidencial y la democracia – 12. ¿Son las comisiones parlamentarias una nueva versión del Comité de Salvación Publica? – 13. La consulta permanente al pueblo como garantía del ordenamiento democrático -14. El refrendo ministerial es esencial para los actos del Poder Ejecutivo – 15. La estrategia de ruptura en las causas políticas – 16. La tecno burocracia como factor de la concentración e incremento del poder – 17. El gigante Amapolas y el humanismo de Alberdi.
590 ## - LOCAL NOTE (RLIN)
Local note niveau_biblio:m niveau_hierar:0
942 ## - ADDED ENTRY ELEMENTS (KOHA)
Koha item type
Existencias
Withdrawn status Lost status Damaged status Not for loan Home library Current library Shelving location Date acquired Total checkouts Full call number Barcode Date last seen Price effective from Koha item type
        Biblioteca Prof. Eusebio Cleto del Rey Biblioteca Prof. Eusebio Cleto del Rey   07/04/2026   342 E36m L45349 07/04/2026 07/04/2026 Libro